<?xml version="1.0" encoding="UTF-8"?>
<collection xmlns="http://www.loc.gov/MARC21/slim">
 <record>
  <leader>05570nam a2200325 a 4500</leader>
  <controlfield tag="001">kal3997</controlfield>
  <controlfield tag="003">Gr-AtHEAL</controlfield>
  <controlfield tag="005">20160505115939.0</controlfield>
  <controlfield tag="006">m        d        </controlfield>
  <controlfield tag="008">160413s2015    gr      s           gre|c</controlfield>
  <datafield tag="020" ind1=" " ind2=" ">
   <subfield code="a">9789606030444</subfield>
  </datafield>
  <datafield tag="040" ind1=" " ind2=" ">
   <subfield code="a">GR-AtHEAL</subfield>
   <subfield code="b">gre</subfield>
   <subfield code="c">GR-AtHEAL</subfield>
  </datafield>
  <datafield tag="082" ind1="0" ind2="4">
   <subfield code="a">627</subfield>
   <subfield code="2">23</subfield>
  </datafield>
  <datafield tag="100" ind1="1" ind2=" ">
   <subfield code="a">Σούλης, Ιωάννης.</subfield>
   <subfield code="8">2213</subfield>
  </datafield>
  <datafield tag="245" ind1="1" ind2="0">
   <subfield code="a">Υπολογιστικές τεχνικές υδραυλικής μηχανικής</subfield>
   <subfield code="h">[Ηλεκτρονικός πόρος] </subfield>
   <subfield code="c">Σούλης, Ιωάννης ; Κριτικός αναγνώστης,Αναγνωστόπουλος, Πέτρος ; Τεχνική επιμέλεια,Μπαϊρακτάρης, Δημήτριος ; Γλωσσική επιμέλεια,Μπίσμπα, Άννα</subfield>
   <subfield code="b">Πηγαίοι κώδικες με παραδείγματα.</subfield>
  </datafield>
  <datafield tag="260" ind1=" " ind2=" ">
   <subfield code="a">Αθήνα :</subfield>
   <subfield code="b">Σύνδεσμος Ελληνικών Ακαδημαϊκών Βιβλιοθηκών,</subfield>
   <subfield code="c">c2015.</subfield>
  </datafield>
  <datafield tag="490" ind1=" " ind2=" ">
   <subfield code="a">Ακαδημαϊκά Ηλεκτρονικά Συγγράμματα και Βοηθήματα Κάλλιπος</subfield>
   <subfield code="8">40</subfield>
  </datafield>
  <datafield tag="520" ind1=" " ind2=" ">
   <subfield code="a">Η παράθεση των προγραμμάτων ηλεκτρονικών υπολογιστών (πηγαίοι κώδικες), μαζί με την σχετική προς αυτά θεωρία, αποσκοπεί στην επίλυση τυπικών προβλημάτων Υδραυλικής Μηχανικής. Το βιβλίο αυτό αποτελεί μια συνέχεια του γνωστικού αντικειμένου της Υπολογιστικής Μηχανικής Ρευστών (Computational Fluid Dynamics, CFD). Προηγουμένως και επί σειρά ετών το μάθημα της Υπολογιστικής Μηχανικής Ρευστών διδάσκεται ως προπτυχιακό αλλά με μερικές διαφοροποιήσεις και ως μεταπτυχιακό στο Τμήμα Πολιτικών Μηχανικών του Δημοκρίτειου Πανεπιστημίου Θράκης. Η Υδραυλική Μηχανική ασχολείται με προβλήματα ασυμπίεστων Ρευστών της Μηχανικής, κύριος εκπρόσωπος της οποίας είναι η ροή του ύδατος. Η ύλη, του κατά βάση εκπαιδευτικού τούτου συγγράμματος, έχει σχεδιασθεί για να καλύψει τις ανάγκες διδασκαλίας του εξαμηνιαίου μαθήματος με τίτλο Υπολογισμός Υδραυλικών Έργων με χρήση ηλεκτρονικών υπολογιστών, το οποίον από τριακονταετίας και πλέον παραδίδεται στους προπτυχιακούς φοιτητές του εν λόγω τμήματος. Τα λυμένα παραδείγματα και η ταυτόχρονος παράθεση των προγραμμάτων ηλεκτρονικών υπολογιστών στη γλώσσα προγραμματισμού Fortran προσβλέπουν στην εμπέδωση του γνωστικού αντικειμένου της Υπολογιστικής (Υδραυλικής Μηχανικής. Η αναλυτική παράθεση των χρήση ανοικτών κωδίκων (.f90) στην γλώσσα προγραμματισμού Fortran (f77 και f90) προσβλέπει στην αυτοδυναμία περαιτέρω αναπτύξεως αυτών προς επίλυση πλέον πολύπλοκων προβλημάτων που πιθανώς να αντιμετωπισθούν αργότερα. Ο έλεγχος των αποτελεσμάτων γίνεται με την αναλυτική παρουσίαση και των δεδομένων εισόδου (.dat) αλλά και τυπικών αποτελεσμάτων των υπολογισμών (.out). Η χρησιμότητα του συγγράμματος δεν περιορίζεται μόνο στην Υπολογιστική Υδραυλική. Η παγκοσμιότητα των μερικών διαφορικών εξισώσεων δίνει την δυνατότητα να εφαρμοσθούν οι παρούσες υπολογιστικές τεχνικές σε ευρύ φάσμα προβλημάτων της Μηχανικής των Συνεχών Μέσων.</subfield>
  </datafield>
  <datafield tag="650" ind1=" " ind2="0">
   <subfield code="a">Hydraulic engineering.</subfield>
   <subfield code="8">2605</subfield>
  </datafield>
  <datafield tag="653" ind1=" " ind2=" ">
   <subfield code="a">Μονοδιάστατες ροές</subfield>
  </datafield>
  <datafield tag="653" ind1=" " ind2=" ">
   <subfield code="a">Πεπερασμένοι όγκοι</subfield>
  </datafield>
  <datafield tag="653" ind1=" " ind2=" ">
   <subfield code="a">Δισδιάστατες ροές</subfield>
  </datafield>
  <datafield tag="653" ind1=" " ind2=" ">
   <subfield code="a">Υπολογιστική μηχανική ρευστών</subfield>
  </datafield>
  <datafield tag="653" ind1=" " ind2=" ">
   <subfield code="a">Φυσική</subfield>
   <subfield code="a">Ηλεκτρομαγνητισμός, οπτική, ακουστική, μεταφορά θερμότητας, κλασική μηχανική, ρευστοδυναμική</subfield>
   <subfield code="a">Ρευστοδυναμική</subfield>
   <subfield code="a">Εφαρμοσμένη ρευστοδυναμική</subfield>
  </datafield>
  <datafield tag="700" ind1="1" ind2=" ">
   <subfield code="a">Αναγνωστόπουλος, Πέτρος</subfield>
   <subfield code="e">Κριτικός αναγνώστης</subfield>
   <subfield code="8">2214</subfield>
  </datafield>
  <datafield tag="856" ind1="4" ind2="0">
   <subfield code="u">http://hdl.handle.net/11419/3997</subfield>
   <subfield code="z">Πλήρες Κείμενο - Full text</subfield>
  </datafield>
  <datafield tag="907" ind1=" " ind2=" ">
   <subfield code="a">.b25678589</subfield>
   <subfield code="b">12-06-18</subfield>
   <subfield code="c">29-07-16</subfield>
  </datafield>
  <datafield tag="949" ind1=" " ind2=" ">
   <subfield code="0">0</subfield>
   <subfield code="1">0</subfield>
   <subfield code="2">ddc</subfield>
   <subfield code="4">0</subfield>
   <subfield code="6">627_000000000000000_ΣΟΥ</subfield>
   <subfield code="7">0</subfield>
   <subfield code="8">KALL</subfield>
   <subfield code="8">617</subfield>
   <subfield code="d">2016-04-13</subfield>
   <subfield code="r">2016-04-13</subfield>
   <subfield code="w">2016-04-13</subfield>
   <subfield code="z">627 ΣΟΥ</subfield>
   <subfield code="o">SEAB KALLIPOS</subfield>
  </datafield>
  <datafield tag="998" ind1=" " ind2=" ">
   <subfield code="a">80</subfield>
   <subfield code="a">01</subfield>
   <subfield code="a">02</subfield>
   <subfield code="a">03</subfield>
   <subfield code="a">04</subfield>
   <subfield code="a">05</subfield>
   <subfield code="a">06</subfield>
   <subfield code="a">07</subfield>
   <subfield code="a">08</subfield>
   <subfield code="a">09</subfield>
   <subfield code="a">10</subfield>
   <subfield code="a">11</subfield>
   <subfield code="a">12</subfield>
   <subfield code="a">13</subfield>
   <subfield code="a">14</subfield>
   <subfield code="a">15</subfield>
   <subfield code="a">16</subfield>
   <subfield code="a">17</subfield>
   <subfield code="a">18</subfield>
   <subfield code="a">19</subfield>
   <subfield code="a">20</subfield>
   <subfield code="a">21</subfield>
   <subfield code="a">22</subfield>
   <subfield code="a">23</subfield>
   <subfield code="a">24</subfield>
   <subfield code="a">25</subfield>
   <subfield code="a">26</subfield>
   <subfield code="b">10-05-17</subfield>
   <subfield code="c">m</subfield>
   <subfield code="d">z  </subfield>
   <subfield code="e">-</subfield>
   <subfield code="f">gre</subfield>
   <subfield code="g">gr </subfield>
   <subfield code="h">0</subfield>
  </datafield>
  <datafield tag="942" ind1=" " ind2=" ">
   <subfield code="2">ddc</subfield>
   <subfield code="c">KALLIPOS</subfield>
  </datafield>
 </record>
</collection>
